[Event "SLO-chT 17th"]
[Site "Murska Sobota"]
[Date "2007.12.13"]
[Round "6"]
[White "Soln, Primoz"]
[Black "Mikac, Matjaz"]
[Result "1/2-1/2"]
[WhiteElo "2384"]
[BlackElo "2390"]
[PlyCount "23"]
[EventDate "2007.12.09"]
[EventType "team-tourn"]
[EventRounds "9"]
[EventCountry "SLO"]
[SourceTitle "CBM 121 Extra"]
[Source "ChessBase"]
[SourceDate "2008.01.10"]
[SourceVersion "1"]
[SourceVersionDate "2008.01.10"]
[SourceQuality "1"]
[WhiteTeam "Ljubljana Metalka Trgovina"]
[BlackTeam "Maribor Branik"]
[WhiteTeamCountry "SLO"]
[BlackTeamCountry "SVK"]

1. d4 d5 2. c4 dxc4 3. Nf3 c5 4. d5 e6 5. Nc3 exd5 6. Qxd5 Qxd5 7. Nxd5 Bd6 8. Nd2 Ne7 9. Nxc4 Nxd5 10. Nxd6+ Ke7 11. Nxc8+ Rxc8 12. Bg5+ 1/2-1/2

[Event "SLO-chT 17th"]
[Site "Murska Sobota"]
[Date "2007.12.11"]
[Round "4"]
[White "Guid, Matej"]
[Black "Mikac, Matjaz"]
[Result "1/2-1/2"]
[WhiteElo "2310"]
[BlackElo "2390"]
[PlyCount "33"]
[EventDate "2007.12.09"]
[EventType "team-tourn"]
[EventRounds "9"]
[EventCountry "SLO"]
[SourceTitle "CBM 121 Extra"]
[Source "ChessBase"]
[SourceDate "2008.01.10"]
[SourceVersion "1"]
[SourceVersionDate "2008.01.10"]
[SourceQuality "1"]
[WhiteTeam "Ljubljana Vidmar"]
[BlackTeam "Maribor Branik"]
[WhiteTeamCountry "SLO"]
[BlackTeamCountry "SVK"]

1. e4 e5 2. Nf3 Nc6 3. Bb5 a6 4. Ba4 Nf6 5. 0-0 b5 6. Bb3 Bc5 7. c3 d6 8. d4 Bb6 9. a4 Rb8 10. axb5 axb5 11. Na3 0-0 12. Nxb5 Bg4 13. Ba4 Nxe4 14. Qd3 Nf6 15. dxe5 Nxe5 16. Nxe5 dxe5 17. Qc4 1/2-1/2

[Event "Pula op 21st"]
[Site "Pula"]
[Date "2007.06.26"]
[Round "4"]
[White "Dimitrov, Radoslav"]
[Black "Mikac, Matjaz"]
[Result "1/2-1/2"]
[WhiteElo "2254"]
[BlackElo "2391"]
[PlyCount "92"]
[EventDate "2007.06.23"]
[EventType "swiss"]
[EventRounds "9"]
[EventCountry "CRO"]
[SourceTitle "CBM 119 Extra"]
[Source "ChessBase"]
[SourceDate "2007.09.04"]
[SourceVersion "1"]
[SourceVersionDate "2007.09.04"]
[SourceQuality "1"]

1. c4 e5 2. Nc3 Nf6 3. Nf3 Nc6 4. d4 exd4 5. Nxd4 Bb4 6. Bg5 h6 7. Bh4 0-0 8. e3 Re8 9. Be2 Bxc3+ 10. bxc3 Ne5 11. Nb5 g5 12. Bg3 a6 13. Nd4 d6 14. Qc2 Qe7 15. h4 Ng6 16. hxg5 hxg5 17. Nf5 Bxf5 18. Qxf5 Ne4 19. Qf3 Nxg3 20. Qxg3 Qe5 21. Qxe5 Rxe5 22. 0-0-0 Kg7 23. Rd5 Rae8 24. Rhd1 R8e6 25. Bf3 b6 26. R1d2 Ne7 27. Rxe5 Rxe5 28. Kc2 f5 29. Rd4 g4 30. Bb7 a5 31. g3 Kf6 32. e4 Kg5 33. exf5 Rxf5 34. Rd2 Rc5 35. Rd4 Rf5 36. Rd2 Re5 37. Kd1 Rc5 38. Rd4 Ng6 39. Bc8 Ne5 40. Be6 a4 41. a3 Ra5 42. Rf4 Ra8 43. Rf5+ Kg6 44. Rf4 Kg5 45. Rf5+ Kg6 46. Rf4 Kg5 1/2-1/2